Women, media and sport : challenging gender values

Αποθηκεύτηκε σε:
Λεπτομέρειες βιβλιογραφικής εγγραφής
Άλλοι συγγραφείς: Creedon, Pamela J. (Επιμελητής έκδοσης)
Μορφή: Βιβλίο
Γλώσσα:English
Δημοσίευση: Thousand Oaks : Sage Publications, c1994
Θέματα:
Ετικέτες: Προσθήκη ετικέτας
Δεν υπάρχουν, Καταχωρήστε ετικέτα πρώτοι!

MARC

LEADER 00000nam a2200000 i 4500
001 1/13246
008 001122s1994 eng d
020 |a 0803952341 
035 |l 10064544 
040 |a GR-MY-UA  |b gre  |e aacr 
041 0 |a eng 
082 0 |a 796.0194 
245 1 0 |a Women, media and sport :  |b challenging gender values /  |c edited by Pamela J. Creedon 
260 |a Thousand Oaks :   |b Sage Publications,   |c c1994 
300 |a 358 p. 
504 |a Includes bibliographical references and index 
650 0 0 |a Sex discrimination in sports. 
650 0 0 |a Mass media and sports. 
700 1 |a Creedon, Pamela J.  |4 edt 
852 |a INST  |b LESVOS  |e 20001122  |h 796.0194 WOM  |p 005100025457  |q 005100025457  |t BK  |y 0 
901 |a BIBL1-2000-3 
909 |a Λ  |b 082576 
922 |a 1ΕΛΗ  |b 200010  |c ΤΑΚ/ΠΤΕ  |d ΜΙΧΑΛΟΠΟΥΛΟΣ 
950 |a 185-2000-09-13 
970 |a ΤΖΑΦΕΡΗ  |b ΕΥΑΓΓΕΛΙΑ  |z 2000/11/22